Pentesilea / Heinrich von Kleist ; traducció de Feliu Formosa ; pròleg de Marisa Siguán
Descripción Física:
165 p. ; 17 cm
MARC
| LEADER | 00000nam a2200000Ia 4500 | ||
|---|---|---|---|
| 001 | 12678 | ||
| 008 | 160829s2000 xx 000 0 cat d | ||
| 080 | |a L-1-197 | ||
| 100 | |a Kleist, Heinrich von |9 35383 | ||
| 245 | |a Pentesilea / Heinrich von Kleist ; traducció de Feliu Formosa ; pròleg de Marisa Siguán | ||
| 260 | |a Barcelona : |b Institut del Teatre. Diputació de Barcelona, |c 2000 | ||
| 300 | |a 165 p. ; |c 17 cm | ||
| 490 | |a Col·lecció Popular de Teatre Clàssic Universal ; 56 | ||
| 700 | |a Formosa, Feliu, |d 1934- |e traductor |9 34955 | ||
| 700 | |a Siguán, Marisa, pr. |e escriptor del pròleg |9 35605 | ||
| 710 | 1 | |a Institut del Teatre (Barcelona, Catalunya) |9 52662 | |
| 901 | |a Arxiu | ||
| 942 | |n 1 |2 udc | ||
| 952 | |0 0 |1 0 |4 0 |6 L1197 |7 1 |9 46987 |a Arxiu |b Arxiu |d 2016-12-01 |l 0 |o L-1-197 |p 12678 |r 2016-12-01 00:00:00 |w 2016-12-01 |y ARXIU | ||
| 999 | |c 50780 |d 50780 | ||